00381nam a22001097a 4500003000400000005001700004008004100021040002700062100008000089245006400169260003800233OSt20240320123814.0240320b |||||||| |||| 00| 0 eng d cCentral Library MRSPTU aGobind Singh Manmukhi ( ਗੋਬਿੰਦ ਸਿੰਘ ਮਨਮੁਖੀ) aGursikhi Ke Hai? ( ਗੁਰਸਿੱਖੀ ਕੀ ਹੈ?) aAmritsarbSingh Brothers Mai Sewa